000 00613nam a22002417a 4500
003 UA-OsUOA
001 24734
007 ta
008 20040301b un ||||| |||| 00| 0 ukr d
090 _a340.15(075.8)
_bР54
942 _cBK
040 _aUA-OsUOA
_brus
_cUA-OsUOA
_dUA-OsUOA
245 _aРимское частное право
_bУчебник
_cРед. И.С.Перетерский
300 _a544 с.
955 _a0
041 _arus
080 _a340.15(075.8)
020 _a5-7975-0154-6
260 _aМосква
_bЮристъ
_c1999
044 _aRU
650 7 _2UDC
999 _c311016
_d311016